[Event "XXVI Ogolnopolska Olimpiada Mlodziezy"]
[Site "Pulawy"]
[Date "2020.10.07"]
[Round "4.14"]
[White "Marczyk, Kinga"]
[Black "Pniewska, Beata"]
[Result "0-1"]
[WhiteElo "1306"]
[BlackElo "1170"]
[PlyCount "120"]
[EventDate "2020.10.04"]
[EventType "swiss"]
[Tiebreak "Sum of Buchholz+Median1 Buchholz+Sonneborn-Berger (Swiss)"]

1. e4 e6 2. d4 d5 3. e5 c5 4. c3 Nc6 5. Nf3 Qb6 6. a3 a5 7. Bd3 Bd7 8. Bc2 a4
9. O-O Nh6 10. h3 Nf5 11. Bxf5 exf5 12. Re1 Be6 13. Qd3 Be7 14. Nbd2 g5 15. Nf1
h6 16. Ne3 g4 17. hxg4 fxg4 18. Nh2 cxd4 19. cxd4 Qxd4 20. Qxd4 Nxd4 21. Rd1
Nb3 22. Rb1 d4 23. Nef1 Bf5 24. Nd2 Bxb1 25. Nxb1 Nxc1 26. Rxc1 h5 27. Rc4 b5
28. Rxd4 Rd8 29. Rxd8+ Kxd8 30. Nc3 Bc5 31. Nxb5 Re8 32. Nc3 Rxe5 33. Nxa4 g3
34. Nf3 gxf2+ 35. Kf1 Rd5 36. Nxc5 Rxc5 37. Kxf2 Rc2+ 38. Kg3 Rxb2 39. Ng5 Ke7
40. Kh3 Rb3+ 41. Kh4 Rxa3 42. Kxh5 Rg3 43. Nf3 Rxg2 44. Nd4 Kf6 45. Kh4 Ke5 46.
Nc6+ Kf4 47. Kh3 Rd2 48. Nb4 f5 49. Nc6 Rc2 50. Nd4 Rc8 51. Ne6+ Ke5 52. Ng5 f4
53. Nf7+ Kd4 54. Nd6 Rg8 55. Nf5+ Ke5 56. Ne7 Rg7 57. Nc6+ Ke4 58. Nd8 f3 59.
Ne6 Rg8 60. Nc5+ Ke3 0-1

[Event "XXVI Ogolnopolska Olimpiada Mlodziezy"]
[Site "Pulawy"]
[Date "2020.10.07"]
[Round "4.14"]
[White "Maslanka, Wojciech"]
[Black "Paszkowski, Krystian"]
[Result "1/2-1/2"]
[WhiteElo "1824"]
[BlackElo "1889"]
[PlyCount "74"]
[EventDate "2020.10.04"]
[EventType "swiss"]
[Tiebreak "Sum of Buchholz+Median1 Buchholz+Sonneborn-Berger (Swiss)"]

1. e4 c5 2. Nf3 e6 3. d4 cxd4 4. Nxd4 a6 5. c4 Nf6 6. Nc3 Bb4 7. Qd3 Qc7 8. a3
Bxc3+ 9. Qxc3 d6 10. f3 e5 11. Nc2 Be6 12. Be3 O-O 13. Rc1 Rc8 14. Nb4 Nbd7 15.
Be2 Nc5 16. O-O Qd8 17. Rfd1 a5 18. Nd3 Ncd7 19. c5 Qe8 20. Bg5 Nxc5 21. Nxc5
Rxc5 22. Qd2 Rxc1 23. Rxc1 Qd7 24. Bxf6 gxf6 25. Rd1 Rc8 26. Qxa5 Rc2 27. Rd2
Rxd2 28. Qxd2 Kg7 29. Kf2 Qc6 30. b4 d5 31. exd5 Bxd5 32. Qe3 Bc4 33. Bd1 b5
34. Bc2 Qd6 35. Qe4 Qd2+ 36. Kg3 Bf1 37. Qxh7+ Kf8 1/2-1/2

[Event "XXVI Ogolnopolska Olimpiada Mlodziezy"]
[Site "Pulawy"]
[Date "2020.10.07"]
[Round "4.15"]
[White "Bartnik, Michal"]
[Black "Olszewski, Antoni"]
[Result "1/2-1/2"]
[WhiteElo "1278"]
[BlackElo "1412"]
[PlyCount "62"]
[EventDate "2020.10.04"]
[EventType "swiss"]
[Tiebreak "Sum of Buchholz+Median1 Buchholz+Sonneborn-Berger (Swiss)"]

1. f4 d5 2. Nf3 Nf6 3. e3 e6 4. d4 Be7 5. c3 O-O 6. Bd3 c5 7. O-O Nc6 8. Nbd2
b6 9. Ne5 Bb7 10. Qe2 Nxe5 11. fxe5 Ne4 12. Qg4 f5 13. Qe2 c4 14. Bc2 b5 15. a3
a5 16. Nxe4 fxe4 17. Bd2 Qc7 18. Qg4 Qd7 19. Qe2 a4 20. Qg4 Rxf1+ 21. Rxf1 Rf8
22. Rxf8+ Bxf8 23. Be1 Qf7 24. Bg3 Be7 25. Bd1 Bc6 26. Qf4 Qxf4 27. Bxf4 g5 28.
Bg3 Kg7 29. Be1 Kg6 30. h3 h5 31. g4 h4 1/2-1/2

[Event "XXVI Ogolnopolska Olimpiada Mlodziezy"]
[Site "Pulawy"]
[Date "2020.10.07"]
[Round "4.15"]
[White "Halhoul, Adam"]
[Black "Trzebinski, Patryk"]
[Result "1-0"]
[WhiteElo "1718"]
[BlackElo "1837"]
[PlyCount "113"]
[EventDate "2020.10.04"]
[EventType "swiss"]
[Tiebreak "Sum of Buchholz+Median1 Buchholz+Sonneborn-Berger (Swiss)"]

1. d4 Nf6 2. c4 e5 3. dxe5 Ng4 4. Bf4 Nc6 5. Nf3 Bb4+ 6. Nbd2 Qe7 7. e3 Ngxe5
8. Nxe5 Nxe5 9. Be2 d6 10. O-O Bxd2 11. Qxd2 h5 12. c5 g5 13. cxd6 cxd6 14.
Bxg5 Qxg5 15. f4 Qe7 16. fxe5 Qxe5 17. Qd4 Be6 18. Rac1 Rg8 19. Qxe5 dxe5 20.
Bxh5 Bxa2 21. Rf5 e4 22. Rc7 Rg7 23. Re5+ Kf8 24. Rxb7 Rc8 25. h3 a6 26. b3 f6
27. Rxg7 Kxg7 28. Re7+ Kh6 29. Bf7 Bb1 30. Bd5 Rc1+ 31. Kh2 Rc3 32. Bxe4 Rxb3
33. Bxb1 Rxb1 34. Re6 Ra1 35. Rxf6+ Kg5 36. Rf8 a5 37. e4 a4 38. Rf5+ Kg6 39.
Ra5 Kf6 40. h4 a3 41. h5 a2 42. Kg3 Rh1 43. Rxa2 Rxh5 44. Kf4 Rh4+ 45. g4 Rh1
46. Ra6+ Kf7 47. e5 Rf1+ 48. Kg5 Re1 49. e6+ Ke7 50. Kg6 Rf1 51. g5 Rf2 52. Kg7
Rf1 53. g6 Rh1 54. Kg8 Kf6 55. g7 Rg1 56. Kf8 Rb1 57. e7+ 1-0

[Event "XXVI Ogolnopolska Olimpiada Mlodziezy"]
[Site "Pulawy"]
[Date "2020.10.07"]
[Round "4.15"]
[White "Kawa, Anna"]
[Black "Zgoda, Aleksandra"]
[Result "0-1"]
[WhiteElo "1152"]
[BlackElo "1268"]
[PlyCount "120"]
[EventDate "2020.10.04"]
[EventType "swiss"]
[Tiebreak "Sum of Buchholz+Median1 Buchholz+Sonneborn-Berger (Swiss)"]

1. e4 c5 2. a3 e6 3. b4 cxb4 4. axb4 Bxb4 5. Bb2 Nf6 6. e5 Nd5 7. c4 Nb6 8. Nf3
O-O 9. Be2 Nc6 10. O-O d5 11. exd6 Bxd6 12. d4 Be7 13. Nc3 Nd7 14. Nb5 Bf6 15.
Ba3 Be7 16. d5 exd5 17. cxd5 Nce5 18. d6 Bf6 19. Rc1 Qa5 20. Qb3 a6 21. Nc7 Rb8
22. Bb4 Nxf3+ 23. Bxf3 Qg5 24. Rfd1 a5 25. Bd2 Qg6 26. Bxa5 b6 27. Bc3 Nc5 28.
Qc2 Bf5 29. Qe2 Nb3 30. Bxf6 Nxc1 31. Rxc1 Qxf6 32. Nd5 Qe6 33. Ne7+ Kh8 34.
Nxf5 Qxf5 35. Bg4 Qg5 36. Re1 b5 37. g3 b4 38. h4 Qd8 39. d7 b3 40. Rb1 f5 41.
Bh3 Qxd7 42. Qe3 b2 43. Qc3 Rfc8 44. Qe3 Qc7 45. Bxf5 Qc1+ 46. Kg2 Qxe3 47.
fxe3 Rc1 48. Kf2 Rxb1 49. Bxb1 Rc8 50. Ke2 Rc1 51. Bd3 b1=Q 52. Bxb1 Rxb1 53.
e4 Kg8 54. e5 Kf7 55. Kf3 Rb4 56. g4 Ke6 57. h5 Kxe5 58. g5 Kf5 59. g6 Rb3+ 60.
Ke2 Ke5 0-1

[Event "XXVI Ogolnopolska Olimpiada Mlodziezy"]
[Site "Pulawy"]
[Date "2020.10.07"]
[Round "4.15"]
[White "Peksa, Zuzanna"]
[Black "Skolska, Emilia"]
[Result "0-1"]
[WhiteElo "1267"]
[BlackElo "1401"]
[PlyCount "76"]
[EventDate "2020.10.04"]
[EventType "swiss"]
[Tiebreak "Sum of Buchholz+Median1 Buchholz+Sonneborn-Berger (Swiss)"]

1. e4 e5 2. Nf3 Nc6 3. d4 exd4 4. Bc4 Bc5 5. O-O d6 6. c3 Bg4 7. Qb3 Bxf3 8.
Bxf7+ Kf8 9. gxf3 dxc3 10. Nxc3 Nd4 11. Qd5 c6 12. Qh5 Nf6 13. Qh3 Kxf7 14. f4
Qd7 15. Qg3 Nxe4 16. Qd3 Qg4+ 17. Kh1 Nxc3 18. Qxc3 Nf3 19. Qb3+ Kf8 20. f5
Qxf5 21. Qxb7 Re8 22. Qxc6 Nd4 23. Qg2 Nc2 24. Rb1 Ne1 25. Qg3 Re6 26. Bd2 Qxb1
27. Bxe1 Rxe1 28. Qf3+ Ke7 29. Qb7+ Ke6 30. Qb3+ d5 31. Qh3+ Kd6 32. Qg3+ Kc6
33. Rxe1 Qxe1+ 34. Kg2 Rf8 35. Qxg7 Qxf2+ 36. Kh3 Rf3+ 37. Kg4 Qg2+ 38. Kh4
Rh3# 0-1

[Event "XXVI Ogolnopolska Olimpiada Mlodziezy"]
[Site "Pulawy"]
[Date "2020.10.07"]
[Round "4.16"]
[White "Brozynski, Patryk"]
[Black "Musin, Pawel"]
[Result "0-1"]
[WhiteElo "1734"]
[BlackElo "1372"]
[PlyCount "160"]
[EventDate "2020.10.04"]
[EventType "swiss"]
[Tiebreak "Sum of Buchholz+Median1 Buchholz+Sonneborn-Berger (Swiss)"]

1. e4 c6 2. Nf3 d5 3. Nc3 Bg4 4. h3 Bxf3 5. Qxf3 e6 6. d4 dxe4 7. Qxe4 Nf6 8.
Qd3 Nbd7 9. g3 Be7 10. Bg2 Rc8 11. O-O O-O 12. a3 Qc7 13. Re1 Nb6 14. Ne4 Nxe4
15. Bxe4 g6 16. h4 Bf6 17. h5 Rfd8 18. hxg6 hxg6 19. Qf3 Bxd4 20. Bg5 Rd7 21.
Bf4 Qd8 22. Qg4 Kg7 23. Bxg6 fxg6 24. Rxe6 Bf6 25. Rae1 Rf7 26. Rd1 Qf8 27. Kg2
Qc5 28. Be3 Qf5 29. Rd4 Qxg4 30. Rxg4 Re7 31. Rd6 Nd5 32. Bc5 Rf7 33. c4 Nb6
34. b3 Re8 35. Rd3 Nd7 36. Bd6 Ne5 37. Bxe5 Rxe5 38. f4 Rf5 39. Rd6 Re7 40. Kf3
Kf7 41. a4 Rc5 42. Kf2 a6 43. Kf3 b5 44. cxb5 axb5 45. axb5 cxb5 46. Kg2 Rc2+
47. Kf1 Rc3 48. f5 Rf3+ 49. Kg2 Rxf5 50. Rb6 Re2+ 51. Kh3 Rh5+ 52. Rh4 Bxh4 53.
gxh4 Re4 54. Rb7+ Kf6 55. Rb6+ Kg7 56. Rb7+ Kh6 57. Kg3 Rexh4 58. Rb8 Rh3+ 59.
Kf4 Rf5+ 60. Kg4 Rxb3 61. Rb7 Rb1 62. Kg3 Kg5 63. Rb6 b4 64. Rb7 b3 65. Rb4 b2
66. Kh2 Rh1+ 67. Kg2 Rb1 68. Kh2 Rf2+ 69. Kg3 Rc2 70. Kh3 Kh6 71. Rh4+ Kg7 72.
Rb4 Rh1+ 73. Kg3 b1=Q 74. Rf4 Qg1+ 75. Kf3 Rf2+ 76. Ke3 Qe1+ 77. Kd3 Rd2+ 78.
Kc3 Qc1+ 79. Kb3 Rb2+ 80. Ka3 Qa1# 0-1

[Event "XXVI Ogolnopolska Olimpiada Mlodziezy"]
[Site "Pulawy"]
[Date "2020.10.07"]
[Round "4.16"]
[White "Dallemura, Julia"]
[Black "Leks, Emilia"]
[Result "1/2-1/2"]
[WhiteElo "1133"]
[BlackElo "1211"]
[PlyCount "61"]
[EventDate "2020.10.04"]
[EventType "swiss"]
[Tiebreak "Sum of Buchholz+Median1 Buchholz+Sonneborn-Berger (Swiss)"]

1. e4 c6 2. d4 d5 3. exd5 cxd5 4. c3 Nc6 5. Nf3 Bg4 6. h3 Bh5 7. Be2 Nf6 8.
Nbd2 e6 9. O-O Be7 10. Re1 O-O 11. Qa4 a6 12. Ne5 Qc8 13. Qd1 Bg6 14. f4 Nxe5
15. fxe5 Ne4 16. Nxe4 Bxe4 17. Bd3 Bg6 18. Rf1 Qd7 19. Be3 b5 20. a3 a5 21.
Bxg6 fxg6 22. Rxf8+ Rxf8 23. Bd2 a4 24. Qe2 Qc6 25. Rf1 Qc4 26. Qxc4 bxc4 27.
Rxf8+ Kxf8 28. Kf2 Ke8 29. Kf3 h6 30. g3 Kf7 31. h4 1/2-1/2

[Event "XXVI Ogolnopolska Olimpiada Mlodziezy"]
[Site "Pulawy"]
[Date "2020.10.07"]
[Round "4.16"]
[White "Malinowski, Szymon"]
[Black "Grzadka, Artur"]
[Result "1/2-1/2"]
[WhiteElo "1740"]
[BlackElo "1723"]
[PlyCount "109"]
[EventDate "2020.10.04"]
[EventType "swiss"]
[Tiebreak "Sum of Buchholz+Median1 Buchholz+Sonneborn-Berger (Swiss)"]

1. d4 Nf6 2. Nf3 g6 3. Bg5 Bg7 4. Nbd2 O-O 5. e4 d5 6. e5 Ne4 7. Bh4 c5 8. c3
Nc6 9. Bd3 Bf5 10. Qe2 cxd4 11. cxd4 Qb6 12. O-O Nxd2 13. Qxd2 Nxd4 14. Bxf5
Nxf5 15. Bg3 e6 16. Bf4 Rac8 17. Rac1 Rc6 18. Rxc6 bxc6 19. Rc1 Rb8 20. b3 Bf8
21. g4 Ng7 22. Bh6 c5 23. Qf4 Qb4 24. Qg5 Qa5 25. Rc2 Rb4 26. h3 c4 27. Kg2 Qb6
28. Bxg7 Kxg7 29. Qf6+ Kg8 30. Ng5 Qb7 31. Rc3 h6 32. Nf3 cxb3 33. axb3 Be7 34.
Rc8+ Qxc8 35. Qxe7 Rb7 36. Qf6 Rxb3 37. h4 Qc3 38. Ng1 Rb8 39. h5 gxh5 40. g5
hxg5 41. Qxg5+ Kf8 42. Qh6+ Ke7 43. Qf6+ Kd7 44. Qxf7+ Kd8 45. Qxe6 Qc5 46. Nf3
Rb2 47. Qg8+ Ke7 48. Qg7+ Ke8 49. Qg8+ Kd7 50. e6+ Kc7 51. Qf7+ Kc8 52. Ne5
Rxf2+ 53. Qxf2 Qxf2+ 54. Kxf2 Kd8 55. Nc6+ 1/2-1/2

[Event "XXVI Ogolnopolska Olimpiada Mlodziezy"]
[Site "Pulawy"]
[Date "2020.10.07"]
[Round "4.16"]
[White "Niedorys, Karolina"]
[Black "Romejko, Jagoda"]
[Result "1/2-1/2"]
[WhiteElo "1364"]
[BlackElo "1257"]
[PlyCount "88"]
[EventDate "2020.10.04"]
[EventType "swiss"]
[Tiebreak "Sum of Buchholz+Median1 Buchholz+Sonneborn-Berger (Swiss)"]

1. e4 e5 2. Nf3 Nc6 3. Bb5 a6 4. Bxc6 dxc6 5. O-O Bg4 6. h3 Bxf3 7. Qxf3 Bd6 8.
d3 h6 9. Nc3 Ne7 10. h4 Qd7 11. Ne2 O-O-O 12. Ng3 Rdf8 13. Nf5 Nxf5 14. Qxf5 g6
15. Qxd7+ Kxd7 16. b3 f5 17. g3 Rh7 18. Bb2 Rhf7 19. exf5 Rxf5 20. Kg2 g5 21.
hxg5 hxg5 22. Rae1 Re8 23. Re2 Re7 24. Bc3 Re8 25. g4 Rf4 26. f3 Rf6 27. Bd2
Rg6 28. Rh1 Reg8 29. Rh5 R6g7 30. Re1 b6 31. Reh1 c5 32. Rh6 a5 33. Rh7 Kc6 34.
Rxg7 Rxg7 35. c4 Be7 36. Bc3 Bd6 37. Rh6 Kd7 38. Rf6 Ke7 39. Rf5 Ke6 40. Bd2
Be7 41. Kf2 Bf6 42. Ke3 Rh7 43. Ke4 Rh2 44. Ke3 Rg2 1/2-1/2

[Event "XXVI Ogolnopolska Olimpiada Mlodziezy"]
[Site "Pulawy"]
[Date "2020.10.07"]
[Round "4.17"]
[White "Grzebieniowski, Michal"]
[Black "Murawski, Milosz"]
[Result "1/2-1/2"]
[WhiteElo "1588"]
[BlackElo "1351"]
[PlyCount "94"]
[EventDate "2020.10.04"]
[EventType "swiss"]
[Tiebreak "Sum of Buchholz+Median1 Buchholz+Sonneborn-Berger (Swiss)"]

1. d4 d5 2. c4 e6 3. Nf3 Nf6 4. g3 Be7 5. Bg2 O-O 6. O-O c6 7. Qc2 Ne4 8. Nbd2
f5 9. Ne5 Nd7 10. f4 Nxe5 11. fxe5 b6 12. Nxe4 fxe4 13. Bd2 Bd7 14. e3 Rc8 15.
Qb3 Qe8 16. Rae1 Qh5 17. Qa4 Rc7 18. Qc2 Rcc8 19. Qa4 Rc7 20. Rxf8+ Kxf8 21.
Qb3 Kg8 22. a4 Qe8 23. Ra1 h6 24. Bf1 g5 25. a5 b5 26. cxd5 cxd5 27. Be2 a6 28.
Rf1 Qc8 29. Qd1 Be8 30. Bh5 Bf8 31. Bg4 Rf7 32. Rxf7 Bxf7 33. Be2 Qc7 34. Qb3
Be7 35. Kf2 Qc8 36. Kg2 Qc7 37. Kg1 Kg7 38. Bf1 Kg8 39. Bc3 Kg7 40. Be2 Kg8 41.
Kf2 Kg7 42. Ke1 b4 43. Bd2 Qxa5 44. Kf2 Qb6 45. Qa4 a5 46. Qd7 Qd8 47. Qa7 Kg8
1/2-1/2

[Event "XXVI Ogolnopolska Olimpiada Mlodziezy"]
[Site "Pulawy"]
[Date "2020.10.07"]
[Round "4.17"]
[White "Grzesik, Nikola"]
[Black "Tim, Anna"]
[Result "1/2-1/2"]
[WhiteElo "1340"]
[BlackElo "1237"]
[PlyCount "64"]
[EventDate "2020.10.04"]
[EventType "swiss"]
[Tiebreak "Sum of Buchholz+Median1 Buchholz+Sonneborn-Berger (Swiss)"]

1. c4 c5 2. Nc3 Nf6 3. g3 g6 4. Bg2 Bg7 5. e3 a6 6. Nge2 d6 7. O-O O-O 8. Rb1
Qb6 9. d3 Nc6 10. a3 Bg4 11. Qc2 Bxe2 12. Nxe2 Rac8 13. Bd2 Rfd8 14. Bc3 Qc7
15. Nf4 b5 16. Bxf6 Bxf6 17. Nd5 Qb7 18. b4 cxb4 19. Nxb4 Nxb4 20. axb4 Qc7 21.
Rfc1 bxc4 22. dxc4 Rb8 23. Qa4 Qb6 24. Qa5 Qxa5 25. bxa5 Rxb1 26. Rxb1 Bc3 27.
Rb6 Bxa5 28. Rxa6 Bc3 29. Ra8 Rxa8 30. Bxa8 Kg7 31. Kg2 Kf6 32. f3 Ke5 1/2-1/2

[Event "XXVI Ogolnopolska Olimpiada Mlodziezy"]
[Site "Pulawy"]
[Date "2020.10.07"]
[Round "4.17"]
[White "Semeradt, Michalina"]
[Black "Wojs, Alicja"]
[Result "1/2-1/2"]
[WhiteElo "1071"]
[BlackElo "1392"]
[PlyCount "63"]
[EventDate "2020.10.04"]
[EventType "swiss"]
[Tiebreak "Sum of Buchholz+Median1 Buchholz+Sonneborn-Berger (Swiss)"]

1. d4 d5 2. c4 c6 3. Nc3 Nf6 4. Bf4 Bf5 5. e3 e6 6. cxd5 exd5 7. Bd3 Bg6 8. Rc1
Be7 9. Nf3 O-O 10. O-O Nbd7 11. Bxg6 hxg6 12. a3 Nh5 13. Bg3 Nxg3 14. hxg3 Nf6
15. Qb3 Qb6 16. Qxb6 axb6 17. Rfd1 b5 18. Ra1 Ra7 19. a4 Rfa8 20. b3 bxa4 21.
Rxa4 Rxa4 22. Nxa4 Ne4 23. Ne5 Bd6 24. Nd3 f5 25. Nac5 Bxc5 26. Nxc5 Ra2 27.
Nxe4 fxe4 28. Rb1 Rc2 29. b4 Kf7 30. Kf1 g5 31. g4 Ke6 32. g3 1/2-1/2

[Event "XXVI Ogolnopolska Olimpiada Mlodziezy"]
[Site "Pulawy"]
[Date "2020.10.07"]
[Round "4.17"]
[White "Starosciak, Szymon"]
[Black "Kejna, Piotr"]
[Result "1-0"]
[WhiteElo "1926"]
[BlackElo "1772"]
[PlyCount "57"]
[EventDate "2020.10.04"]
[EventType "swiss"]
[Tiebreak "Sum of Buchholz+Median1 Buchholz+Sonneborn-Berger (Swiss)"]

1. Nf3 Nf6 2. g3 g6 3. Bg2 Bg7 4. O-O d6 5. d4 O-O 6. c4 Re8 7. Nc3 c6 8. e4
Qc7 9. Re1 Nbd7 10. h3 e5 11. Qc2 exd4 12. Nxd4 Ne5 13. b3 Qb6 14. Be3 c5 15.
Nde2 a6 16. f4 Nc6 17. Rad1 Qc7 18. Qd2 Rd8 19. g4 Qa5 20. Nd5 Qxd2 21. Nxf6+
Bxf6 22. Rxd2 Rb8 23. Red1 Be7 24. Nc3 Kf8 25. Nd5 b5 26. Nxe7 Kxe7 27. Rxd6
Rxd6 28. Bxc5 Ke8 29. Bxd6 1-0

[Event "XXVI Ogolnopolska Olimpiada Mlodziezy"]
[Site "Pulawy"]
[Date "2020.10.07"]
[Round "4.18"]
[White "Jaworski, Tymon"]
[Black "Wandor, Adam"]
[Result "1-0"]
[WhiteElo "1580"]
[BlackElo "1308"]
[PlyCount "121"]
[EventDate "2020.10.04"]
[EventType "swiss"]
[Tiebreak "Sum of Buchholz+Median1 Buchholz+Sonneborn-Berger (Swiss)"]

1. e4 c5 2. Nf3 Nc6 3. d4 cxd4 4. Nxd4 g6 5. c4 Bg7 6. Be3 d6 7. Nc3 Nf6 8. Be2
O-O 9. O-O Bd7 10. Rb1 Nxd4 11. Bxd4 Bc6 12. f3 b6 13. Qd2 Qd7 14. Rfd1 Rfd8
15. Qe3 Qb7 16. Nd5 Bxd5 17. cxd5 Qd7 18. Qb3 Rdc8 19. Be3 Qd8 20. Ba6 Rc7 21.
Rbc1 Rxc1 22. Rxc1 Nd7 23. Qb5 Nc5 24. b4 Nxa6 25. Qxa6 Qb8 26. b5 Bf6 27. Rc4
e5 28. Rc6 Kg7 29. Bd2 Bd8 30. Bb4 Bc7 31. Qa3 h5 32. Qc3 a5 33. bxa6 Ra7 34.
Qa3 Qa8 35. Bxd6 Rxa6 36. Qb2 Bxd6 37. Rxd6 f6 38. h4 Qc8 39. Rc6 Qa8 40. Qc1
Ra7 41. Rxb6 Rxa2 42. Qc7+ Kh6 43. Rb7 Ra1+ 44. Kh2 Qh8 45. Qd6 Qc8 46. Rb8 Ra6
47. Rxc8 Rxd6 48. Rc6 Rd7 49. Rxf6 Re7 50. Kg3 Kg7 51. Re6 Rxe6 52. dxe6 Kf6
53. f4 exf4+ 54. Kxf4 Kxe6 55. Kg5 Kf7 56. e5 Ke6 57. Kxg6 Kxe5 58. Kxh5 Kf5
59. g4+ Kf6 60. Kh6 Kf7 61. Kh7 1-0

[Event "XXVI Ogolnopolska Olimpiada Mlodziezy"]
[Site "Pulawy"]
[Date "2020.10.07"]
[Round "4.18"]
[White "Kutowski, Marcel"]
[Black "Wojdak, Jan"]
[Result "1/2-1/2"]
[WhiteElo "1712"]
[BlackElo "1910"]
[PlyCount "93"]
[EventDate "2020.10.04"]
[EventType "swiss"]
[Tiebreak "Sum of Buchholz+Median1 Buchholz+Sonneborn-Berger (Swiss)"]

1. e4 c5 2. Nf3 Nc6 3. d4 cxd4 4. Nxd4 Nf6 5. Nc3 d6 6. Bc4 e6 7. Be3 Be7 8.
Qe2 a6 9. O-O-O Qc7 10. Nxc6 bxc6 11. g4 O-O 12. g5 Nd7 13. f4 Nb6 14. h4 Nxc4
15. Qxc4 Qb7 16. h5 Rb8 17. b3 d5 18. Qd3 Ba3+ 19. Kb1 Qb4 20. Bc1 Bxc1 21.
Kxc1 a5 22. exd5 Qxf4+ 23. Kb1 exd5 24. Rdf1 Qxg5 25. h6 g6 26. Qd4 f6 27. Rhg1
Qe5 28. Qc5 Rb7 29. Qxc6 Rc7 30. Qxd5+ Be6 31. Qxe5 fxe5 32. Rxf8+ Kxf8 33. Kb2
Bf5 34. Re1 Rc5 35. Ne4 Bxe4 36. Rxe4 Ke7 37. a3 Ke6 38. b4 axb4 39. axb4 Rc7
40. Kb3 Kd5 41. Re1 e4 42. Rd1+ Kc6 43. c4 Re7 44. Re1 Kd6 45. Kc3 Ke5 46. b5
g5 47. c5 1/2-1/2

[Event "XXVI Ogolnopolska Olimpiada Mlodziezy"]
[Site "Pulawy"]
[Date "2020.10.07"]
[Round "4.18"]
[White "Pastuszko, Katarzyna"]
[Black "Olszewska, Wiktoria"]
[Result "1-0"]
[WhiteElo "1251"]
[BlackElo "1317"]
[PlyCount "79"]
[EventDate "2020.10.04"]
[EventType "swiss"]
[Tiebreak "Sum of Buchholz+Median1 Buchholz+Sonneborn-Berger (Swiss)"]

1. e4 c5 2. Nf3 d6 3. d4 cxd4 4. Nxd4 Nf6 5. Nc3 a6 6. Bd3 e5 7. Nb3 Be7 8. O-O
O-O 9. Be3 Be6 10. Qd2 Nbd7 11. Nd5 Bxd5 12. exd5 Ne8 13. f4 exf4 14. Bxf4 Bf6
15. c4 Be5 16. Bxe5 Nxe5 17. Rae1 Qb6+ 18. Kh1 Nxd3 19. Qxd3 Nf6 20. Nd4 Rfe8
21. Nf5 Rxe1 22. Rxe1 Re8 23. Rxe8+ Nxe8 24. Qd2 Nf6 25. Qg5 Ne8 26. Qe7 Nf6
27. Qxd6 Qxd6 28. Nxd6 b6 29. Kg1 Kf8 30. Kf2 g6 31. h3 Ke7 32. Nc8+ Kd8 33.
Nxb6 Kc7 34. Na4 Kd6 35. Ke3 Nd7 36. b4 Ne5 37. Kd4 Nd7 38. Nc5 Nb8 39. Ne4+
Kd7 40. c5 1-0

[Event "XXVI Ogolnopolska Olimpiada Mlodziezy"]
[Site "Pulawy"]
[Date "2020.10.07"]
[Round "4.18"]
[White "Predkiewicz, Paulina"]
[Black "Laszczuk, Marcelina"]
[Result "1/2-1/2"]
[WhiteElo "1243"]
[BlackElo "1104"]
[PlyCount "130"]
[EventDate "2020.10.04"]
[EventType "swiss"]
[Tiebreak "Sum of Buchholz+Median1 Buchholz+Sonneborn-Berger (Swiss)"]

1. e4 e5 2. Nf3 Nc6 3. d4 exd4 4. Nxd4 Bc5 5. Be3 Qf6 6. c3 Bb6 7. Bc4 Nge7 8.
O-O O-O 9. f4 d6 10. Na3 Be6 11. Be2 Rad8 12. Nac2 Bd7 13. Kh1 Ng6 14. Qd2 h6
15. g4 Qh4 16. g5 hxg5 17. Bd3 gxf4 18. Bxf4 Nxf4 19. Rxf4 Qh6 20. Rg1 Ne5 21.
Bf1 c5 22. Qf2 cxd4 23. Rh4 d3 24. Nd4 Ng4 25. Qg3 Qe3 26. Rxg4 Qxg3 27. R4xg3
g6 28. Bxd3 Rde8 29. Bc4 Kh7 30. Bd5 Bc6 31. Rh3+ Kg7 32. Nf5+ Kf6 33. Nxd6
Bxg1 34. Nxe8+ Rxe8 35. Kxg1 Bxd5 36. exd5 Re2 37. Rf3+ Ke7 38. Rf2 Re1+ 39.
Kg2 Re5 40. c4 f5 41. Kf3 Re4 42. Re2 Rxe2 43. Kxe2 Kd6 44. Kf3 g5 45. h3 a5
46. b3 b6 47. a3 Kc5 48. b4+ axb4 49. axb4+ Kd6 50. Ke3 Ke5 51. Kf3 Kd6 52. Kg3
Ke5 53. h4 gxh4+ 54. Kxh4 Kd6 55. Kg3 Ke5 56. Kf3 f4 57. Kf2 b5 58. c5 Kxd5 59.
Kf3 Ke5 60. Ke2 Ke6 61. Kd2 Kd5 62. Ke2 Ke6 63. Kf2 Kd5 64. Kg2 Ke6 65. Kf2 Kd5
1/2-1/2

[Event "XXVI Ogolnopolska Olimpiada Mlodziezy"]
[Site "Pulawy"]
[Date "2020.10.07"]
[Round "4.19"]
[White "Bartoszczuk, Adam"]
[Black "Stanik, Szymon"]
[Result "0-1"]
[WhiteElo "1439"]
[BlackElo "1201"]
[PlyCount "94"]
[EventDate "2020.10.04"]
[EventType "swiss"]
[Tiebreak "Sum of Buchholz+Median1 Buchholz+Sonneborn-Berger (Swiss)"]

1. e4 c5 2. Nf3 e6 3. d4 cxd4 4. Nxd4 a6 5. c4 Nf6 6. Nc3 Bb4 7. Qd3 O-O 8. e5
Ne8 9. Be2 d5 10. exd6 Bxd6 11. O-O Qc7 12. h3 Nd7 13. Qc2 Ne5 14. Ne4 Ng6 15.
c5 Be5 16. Be3 Bd7 17. Rac1 Bxd4 18. Bxd4 Bc6 19. Nd6 Nf4 20. f3 Nxd6 21. cxd6
Qd7 22. Rfe1 Rfc8 23. Qb3 Nxe2+ 24. Rxe2 Qxd6 25. Bc5 Qd5 26. Qa3 h6 27. b4 Rd8
28. Qb2 Qg5 29. Re5 Qd2 30. Rc2 Qd7 31. Ree2 Qc7 32. Qa1 Ba4 33. Rc1 Qg3 34.
Re4 h5 35. Bf2 Qg6 36. Rec4 Bc6 37. Kh1 Rd2 38. Rf1 Bb5 39. Rcc1 Bxf1 40. Rxf1
Rad8 41. Kg1 Qc2 42. Qe5 Re2 43. Qxh5 Rd1 44. Qh4 Rxf1+ 45. Kxf1 Rd2 46. Qg5
Qc1+ 47. Be1 Rf2+ 0-1

[Event "XXVI Ogolnopolska Olimpiada Mlodziezy"]
[Site "Pulawy"]
[Date "2020.10.07"]
[Round "4.19"]
[White "Szczotka, Matylda"]
[Black "Kokot, Agnieszka"]
[Result "1-0"]
[WhiteElo "1306"]
[BlackElo "1244"]
[PlyCount "159"]
[EventDate "2020.10.04"]
[EventType "swiss"]
[Tiebreak "Sum of Buchholz+Median1 Buchholz+Sonneborn-Berger (Swiss)"]

1. e4 c5 2. Nf3 d6 3. d4 cxd4 4. Nxd4 Nf6 5. Nc3 a6 6. Bc4 e6 7. a3 Nbd7 8. O-O
Nc5 9. Qe1 Qc7 10. Ba2 Be7 11. b4 e5 12. bxc5 exd4 13. cxd6 Qxc3 14. Qxc3 dxc3
15. dxe7 Nxe4 16. Re1 Bf5 17. Bd5 Nc5 18. Be3 Rc8 19. Bxc5 Rxc5 20. Bxb7 Be6
21. Bxa6 Kxe7 22. a4 Kf6 23. Bd3 Ra8 24. Ra3 Bf5 25. Bxf5 Kxf5 26. Re3 Re5 27.
Rxe5+ Kxe5 28. Rxc3 Rxa4 29. Kf1 Kd5 30. Ke2 Rc4 31. Rd3+ Ke5 32. c3 g6 33. Rf3
f5 34. Kd3 Kd5 35. Rh3 Rc7 36. Rh4 Ra7 37. Rf4 Ra3 38. Rb4 Ra2 39. Ke3 Ra3 40.
Kd3 Ra2 41. Rf4 Ra3 42. Kc2 Ra7 43. Kb3 Rb7+ 44. Rb4 Re7 45. Rf4 Rb7+ 46. Kc2
Ra7 47. Kd2 Ra3 48. Rf3 Ra2+ 49. Ke3 Ra4 50. Rh3 Ra3 51. Rxh7 Rxc3+ 52. Kf4
Rc4+ 53. Kg3 Ke5 54. Re7+ Kf6 55. Ra7 Rc3+ 56. f3 Kg5 57. Ra5 Rc4 58. Rd5 Ra4
59. Rd6 Rc4 60. f4+ Kh5 61. Rd3 Ra4 62. Kf3 Ra1 63. h3 Rf1+ 64. Kg3 Ra1 65. Rd8
Ra3+ 66. Kh2 Kh6 67. h4 Kh5 68. Rh8+ Kg4 69. Rh6 Rc3 70. Rxg6+ Kxh4 71. Rg5 Rc2
72. Rxf5 Kg4 73. Rf8 Rf2 74. f5 Rxf5 75. Rxf5 Kxf5 76. Kh3 Kg5 77. Kg3 Kg6 78.
Kg4 Kg7 79. Kg5 Kg8 80. Kg6 1-0

[Event "XXVI Ogolnopolska Olimpiada Mlodziezy"]
[Site "Pulawy"]
[Date "2020.10.07"]
[Round "4.19"]
[White "Wiatrowski, Zbigniew"]
[Black "Karut, Kacper"]
[Result "1-0"]
[WhiteElo "1849"]
[BlackElo "1657"]
[PlyCount "75"]
[EventDate "2020.10.04"]
[EventType "swiss"]
[Tiebreak "Sum of Buchholz+Median1 Buchholz+Sonneborn-Berger (Swiss)"]

1. e4 c5 2. Nf3 d6 3. Bb5+ Bd7 4. Bxd7+ Qxd7 5. O-O Nf6 6. Re1 Nc6 7. c3 e6 8.
d4 cxd4 9. cxd4 d5 10. e5 Ne4 11. Bd2 Be7 12. Nc3 Nxc3 13. Bxc3 O-O 14. Qe2
Rfc8 15. Rac1 Rc7 16. a3 Rac8 17. Qe3 a5 18. Qd3 Na7 19. h4 b5 20. g4 b4 21.
axb4 axb4 22. Bd2 Rxc1 23. Rxc1 Rxc1+ 24. Bxc1 Qa4 25. Kg2 Qc6 26. Be3 Qc4 27.
Qd1 Qc6 28. g5 g6 29. Nh2 Qb5 30. Ng4 Nc6 31. Qf3 Nd8 32. h5 Qe8 33. Nf6+ Bxf6
34. Qxf6 gxh5 35. g6 Qf8 36. Bh6 Qxh6 37. Qxd8+ Kg7 38. Qf6+ 1-0